The Office-30personnages - Statistiques

Statistiques générales
  • Ce quiz a été pris 217 fois
  • Le résultat moyen est 17 sur 30
Statistiques - réponses
Temps d'apparition (approximatif) Nom des personnages % Correct
18h41 Dwight
98%
15h12 Pam
98%
17h47 Jim
97%
26h01 Michael
93%
7h11 Angela
88%
11h36 Andy
81%
7h52 Kevin
81%
7h01 Oscar
80%
7h10 Stanley
80%
4h58 Ryan
78%
3h45 Kelly
76%
2h50 Jan
75%
8h01 Phyllis
71%
2h59 Toby
70%
5h18 Creed
66%
5h23 Meredith
63%
2h30 Holly
61%
5h49 Erin
53%
1h50 Roy
52%
2h20 David
51%
4h43 Darryl
48%
1h27 Karen
48%
40min Bob
32%
1h30 Gabe
32%
35min Mose
27%
55min Jo
24%
1h15 Nellie
12%
18min Helene
6%
1h00 Charles
4%
25min Donna
1%
Aucun quiz correspondant
Distribution des résultats
% des personnes avec chaque résultat
Percentile par nombre de réponses
Votre historique - résultats
Vous n’avez pas pris ce quiz